| 000 | 00796cam a22002533a 4500 | ||
|---|---|---|---|
| 001 | 28980 | ||
| 003 | PGUSA | ||
| 005 | 20140828083628.0 | ||
| 008 | 090528s2009||||xxu|||||s|||||000 | eng d | ||
| 040 |
_aPGUSA _beng |
||
| 042 | _adc | ||
| 050 | 4 | _aKD | |
| 050 | 4 | _aDA | |
| 100 | 1 |
_aStephen, Leslie, _d1832-1904 |
|
| 245 | 1 | 4 |
_aThe Life of Sir James Fitzjames Stephen, Bart., K.C.S.I. : _bA Judge of the High Court of Justice _h[electronic resource] / _cLeslie Stephen |
| 260 |
_bProject Gutenberg, _c2009 |
||
| 506 | _aPublic domain in the USA. | ||
| 516 | _aElectronic text | ||
| 653 | _aJudges -- Great Britain -- Biography | ||
| 653 | _aStephen, James Fitzjames, Sir, 1829-1894 | ||
| 830 | 0 |
_aProject Gutenberg _v28980 |
|
| 856 | 4 | 0 | _uhttp://www.gutenberg.org/ebooks/28980 |
| 942 | _cEB | ||
| 999 |
_c258235 _d258235 |
||